Reflective and impulsive children : strategies of information processing underlying differences in problem solving /

Bibliographic Details
Main Author: Zelniker, Tamar
Other Authors: Jeffrey, Wendell E.
Format: Book
Language:English
Published: [Chicago] : [Published by the University of Chicago Press for the Society for Research in Child Development], 1977.
Series:Monographs of the Society for Research in Child Development ; v. 41, no. 5, serial no. 168.
Subjects:

MARC

Tag First Indicator Second Indicator Subfields
LEADER 00000cam a2200000 i 4500
001 in00000336193
005 20151011055037.0
008 770329s1977 ilua b 00010 eng d
035 |a (OCoLC)02845264 
035 |9 ABM2017AM 
037 |c $4.50 
040 |a GQG  |c GQG  |d TXA  |d UtOrBLW 
049 |a TXAM  |c [Unacc.] 
090 |a LB1103  |b .S6 v.41, no.5 
100 1 |a Zelniker, Tamar. 
245 1 0 |a Reflective and impulsive children :  |b strategies of information processing underlying differences in problem solving /  |c Tamar Zelniker, Wendel E. Jeffrey ; with commentary by Jerome Kagan, John C. Wright. 
264 1 |a [Chicago] :  |b [Published by the University of Chicago Press for the Society for Research in Child Development],  |c 1977. 
300 |a 59 pages :  |b illustrations ;  |c 23 cm. 
336 |a text  |b txt  |2 rdacontent 
337 |a unmediated  |b n  |2 rdamedia 
338 |a volume  |b nc  |2 rdacarrier 
490 1 |a Monographs of the Society for Research in Child Development, serial no. 168, v. 41, no. 5 
504 |a Includes bibliographies. 
650 0 |a Problem solving in children. 
650 0 |a Cognition in children. 
700 1 |a Jeffrey, Wendell E. 
830 0 |a Monographs of the Society for Research in Child Development ;  |v v. 41, no. 5, serial no. 168. 
999 |a MARS 
999 f f |s 58fd13d9-edef-3f9a-876b-e635d41d693e  |i 75d0c8b7-56c8-3939-8dd8-0233bb8446f1  |t 0 
952 f f |p normal  |a Texas A&M University  |b College Station  |c Sterling C. Evans Library  |d Evans: Library Stacks  |t 0  |e LB1103 .S6 v.41, no.5  |h Library of Congress classification  |i unmediated -- volume  |m A14803255431 
998 f f |a LB1103 .S6 v.41, no.5  |t 0  |l Evans: Library Stacks